000 00328nam a22001457a 4500
008 210311b ||||| |||| 00| 0 eng d
020 _a0801666104
041 _aeng
080 _23rd
_a611.085
082 _a611.085
100 _a9
101 _aHIS
245 _aApplied Veterinary Histology
_cBanks, W. J
942 _2udc
_cBK
999 _c56317
_d56317